Free Guy 2021 / directed by Shawn Levy ; produced by Ryan Reynolds [and four others] ; written by Matt Lieberman. (Record no. 20908)

000 -LEADER
fixed length control field 01240nam a22002897a 4500
008 - FIXED-LENGTH DATA ELEMENTS--GENERAL INFORMATION
fixed length control field 250528b xxu||||| |||| 00| 0 eng d
040 ## - CATALOGING SOURCE
Original cataloging agency Cagayan State University
Description conventions RDA
082 ## - DEWEY DECIMAL CLASSIFICATION NUMBER
Classification number 791.4372
Item number F8751 2021
245 ## - TITLE STATEMENT
Title Free Guy 2021 / directed by Shawn Levy ; produced by Ryan Reynolds [and four others] ; written by Matt Lieberman.
260 ## - PUBLICATION, DISTRIBUTION, ETC. (IMPRINT)
Place of publication, distribution, etc United States :
Name of publisher, distributor, etc 20th Century Studios
Date of publication, distribution, etc 2021.
300 ## - PHYSICAL DESCRIPTION
Extent 1 videofile, (ca. 115 mins.) :
Other physical details sound, color.
520 ## - SUMMARY, ETC.
Summary, etc In the extremely popular video game, Free City, a NPC named Guy learns the true nature of his existence when he meets the girl of his dreams, a human player. This player's interactions with Guy has massive affects on him, the game, and real world as they play it.
546 ## - LANGUAGE NOTE
Language note In English subtitle.
650 ## - SUBJECT ADDED ENTRY--TOPICAL TERM
Topical term or geographic name as entry element Action.
650 ## - SUBJECT ADDED ENTRY--TOPICAL TERM
Topical term or geographic name as entry element Adventure.
650 ## - SUBJECT ADDED ENTRY--TOPICAL TERM
Topical term or geographic name as entry element Comedy.
700 ## - ADDED ENTRY--PERSONAL NAME
Personal name Kolbrenner, Adam, producer.
700 ## - ADDED ENTRY--PERSONAL NAME
Personal name Berlanti, Greg, producer.
700 ## - ADDED ENTRY--PERSONAL NAME
Personal name Schechter, Sarah, producer.
700 ## - ADDED ENTRY--PERSONAL NAME
Personal name Levy, Shawn, producer.
700 ## - ADDED ENTRY--PERSONAL NAME
Personal name Reynolds, Ryan, star.
700 ## - ADDED ENTRY--PERSONAL NAME
Personal name Comer, Jodie, star.
700 ## - ADDED ENTRY--PERSONAL NAME
Personal name Waititi, Taika, star.
700 ## - ADDED ENTRY--PERSONAL NAME
Personal name Richmond, George, cinematographer.
700 ## - ADDED ENTRY--PERSONAL NAME
Personal name Zimmerman, Dean, editor.
942 ## - ADDED ENTRY ELEMENTS (KOHA)
Source of classification or shelving scheme
Item type Audio-Visual Materials
Holdings
Source of acquisition Price effective from Permanent location Date last seen Not for loan Date acquired Source of classification or shelving scheme Koha item type Collection code Shelving location Damaged status Lost status Withdrawn status Current location Full call number
Donation2025-05-28Cagayan State University - Carig Library2025-05-28 2025-05-28 Audio-Visual MaterialsElectronic Media CenterElectronic Media Center   Cagayan State University - Carig Library791.4372 F8751 2021

Cagayan State University University Library, Carig Campus
Tuguegarao City, Cagayan 3500 | www.csucarig.edu.ph

Powered by Koha